Statistics for Taylor Swift's Never Grow Up Lyrics

Click here to take the quiz!

General Stats

  • This quiz has been taken 488 times
  • The average score is 378 of 437

Answer Stats

Answer% Correct
you
100%
I
99%
up
99%
grow
99%
ever
98%
do
97%
a
97%
Don't
96%
don't
96%
to
96%
To
96%
your
96%
on
96%
Your
96%
the
96%
And
95%
and
95%
never
94%
little
94%
No
94%
It
94%
no
94%
it
94%
In
93%
So
93%
in
93%
Oh
93%
stay
93%
so
93%
this
92%
just
91%
Just
91%
my
90%
around
89%
could
88%
darling
88%
that
88%
night
88%
It's
87%
it's
87%
hand's
87%
you're
87%
You're
87%
simple
87%
finger
86%
light
85%
of
85%
world
85%
be
85%
wrapped
84%
have
83%
everything
83%
like
83%
drop
83%
turn
83%
favourite
83%
one
82%
all
82%
quiet
82%
for
81%
off
81%
I'd
81%
tuck
81%
tonight
81%
too
80%
way
80%
getting
79%
try
79%
hurt
79%
'cause
79%
funny
79%
nothing
79%
If
79%
won't
78%
Won't
78%
dreaming
78%
me
78%
got
78%
let
78%
her
77%
school
77%
older
77%
honey
77%
Remember
76%
give
76%
block
76%
eyelids
76%
is
76%
flutter
76%
remember
76%
she's
76%
regret
75%
movies
75%
heart
75%
ready
75%
car
75%
everything's
75%
pj's
74%
dance
74%
will
74%
make
74%
can't
74%
much
74%
want
73%
break
73%
nobody
73%
dropping
72%
though
72%
mom's
71%
Wish
71%
wish
71%
But
71%
lose
70%
wait
70%
dad
69%
At
69%
would
69%
desert
69%
out
69%
even
68%
fourteen
68%
someday
68%
there's
67%
mortified
67%
move
67%
call
66%
they
66%
when
66%
brother's
66%
city
66%
big
65%
grown
65%
wanna
65%
own
65%
shots
65%
home
65%
myself
64%
dropped
64%
new
64%
apartment
64%
gonna
63%
room
63%
Take
62%
songs
62%
gone
62%
than
61%
what
61%
childhood
61%
footsteps
61%
pictures
60%
thought
60%
still
59%
gets
59%
mind
59%
said
58%
colder
58%
words
58%
sounded
58%
please
58%
am
56%
left
55%
scarred
54%
here
54%
one's
54%
realized
54%
burned
53%
Memorize
52%
nothing's
43%

Score Distribution

Percentile by Number Answered

Percent of People with Each Score

Your Score History

You have not taken this quiz